<?xml version="1.0" encoding="UTF-8"?>
<collection xmlns="http://www.loc.gov/MARC21/slim">
 <record>
  <leader>04020cam a2200673   4500</leader>
  <controlfield tag="001">117918539</controlfield>
  <controlfield tag="003">DE-627</controlfield>
  <controlfield tag="005">20240831113321.0</controlfield>
  <controlfield tag="007">tu</controlfield>
  <controlfield tag="008">921224s1992    gw |||||      00| ||ger c</controlfield>
  <datafield tag="015" ind1=" " ind2=" ">
   <subfield code="a">92,A35,1063</subfield>
   <subfield code="2">dnb</subfield>
  </datafield>
  <datafield tag="016" ind1="7" ind2=" ">
   <subfield code="a">920978908</subfield>
   <subfield code="2">DE-101</subfield>
  </datafield>
  <datafield tag="020" ind1=" " ind2=" ">
   <subfield code="a">3458143858</subfield>
   <subfield code="c"> : DM 48.00 (Pp.)</subfield>
   <subfield code="9">3-458-14385-8</subfield>
  </datafield>
  <datafield tag="035" ind1=" " ind2=" ">
   <subfield code="a">(DE-627)117918539</subfield>
  </datafield>
  <datafield tag="035" ind1=" " ind2=" ">
   <subfield code="a">(DE-576)031697941</subfield>
  </datafield>
  <datafield tag="035" ind1=" " ind2=" ">
   <subfield code="a">(DE-599)GBV117918539</subfield>
  </datafield>
  <datafield tag="035" ind1=" " ind2=" ">
   <subfield code="a">(OCoLC)75281694</subfield>
  </datafield>
  <datafield tag="035" ind1=" " ind2=" ">
   <subfield code="a">(OCoLC)75281694</subfield>
  </datafield>
  <datafield tag="040" ind1=" " ind2=" ">
   <subfield code="a">DE-627</subfield>
   <subfield code="b">ger</subfield>
   <subfield code="c">DE-627</subfield>
   <subfield code="e">rakwb</subfield>
  </datafield>
  <datafield tag="041" ind1=" " ind2=" ">
   <subfield code="a">ger</subfield>
  </datafield>
  <datafield tag="044" ind1=" " ind2=" ">
   <subfield code="c">XA-DE</subfield>
  </datafield>
  <datafield tag="084" ind1=" " ind2=" ">
   <subfield code="a">46</subfield>
   <subfield code="a">53</subfield>
   <subfield code="2">sdnb</subfield>
  </datafield>
  <datafield tag="084" ind1=" " ind2=" ">
   <subfield code="a">LH 72130</subfield>
   <subfield code="2">rvk</subfield>
   <subfield code="0">(DE-625)rvk/94914:</subfield>
  </datafield>
  <datafield tag="084" ind1=" " ind2=" ">
   <subfield code="a">GF 2770</subfield>
   <subfield code="2">rvk</subfield>
   <subfield code="0">(DE-625)rvk/39567:</subfield>
  </datafield>
  <datafield tag="084" ind1=" " ind2=" ">
   <subfield code="a">AM 53800</subfield>
   <subfield code="2">rvk</subfield>
   <subfield code="0">(DE-625)rvk/4360:</subfield>
  </datafield>
  <datafield tag="084" ind1=" " ind2=" ">
   <subfield code="a">LK 86605</subfield>
   <subfield code="2">rvk</subfield>
   <subfield code="0">(DE-625)rvk/98652:166</subfield>
  </datafield>
  <datafield tag="084" ind1=" " ind2=" ">
   <subfield code="a">GF 2635</subfield>
   <subfield code="2">rvk</subfield>
   <subfield code="0">(DE-625)rvk/39563:</subfield>
  </datafield>
  <datafield tag="084" ind1=" " ind2=" ">
   <subfield code="a">GE 8404</subfield>
   <subfield code="2">rvk</subfield>
   <subfield code="0">(DE-625)rvk/39321:</subfield>
  </datafield>
  <datafield tag="245" ind1="1" ind2="0">
   <subfield code="a">Codex Manesse</subfield>
   <subfield code="b">die Miniaturen der Grossen Heidelberger Liederhandschrift</subfield>
   <subfield code="c">hrsg. und erl. von Ingo F. Walther. Unter Mitarb. von Gisela Siebert</subfield>
  </datafield>
  <datafield tag="250" ind1=" " ind2=" ">
   <subfield code="a">5. Aufl.</subfield>
  </datafield>
  <datafield tag="264" ind1=" " ind2="1">
   <subfield code="a">Frankfurt am Main</subfield>
   <subfield code="b">Insel-Verl.</subfield>
   <subfield code="c">1992</subfield>
  </datafield>
  <datafield tag="300" ind1=" " ind2=" ">
   <subfield code="a">XXXVII, 281 S.</subfield>
   <subfield code="b">zahlr. Ill.</subfield>
   <subfield code="c">28 cm</subfield>
  </datafield>
  <datafield tag="336" ind1=" " ind2=" ">
   <subfield code="a">Text</subfield>
   <subfield code="b">txt</subfield>
   <subfield code="2">rdacontent</subfield>
  </datafield>
  <datafield tag="337" ind1=" " ind2=" ">
   <subfield code="a">ohne Hilfsmittel zu benutzen</subfield>
   <subfield code="b">n</subfield>
   <subfield code="2">rdamedia</subfield>
  </datafield>
  <datafield tag="338" ind1=" " ind2=" ">
   <subfield code="a">Band</subfield>
   <subfield code="b">nc</subfield>
   <subfield code="2">rdacarrier</subfield>
  </datafield>
  <datafield tag="500" ind1=" " ind2=" ">
   <subfield code="a">Literaturverz. S. XXXVI - [XXXVIII]</subfield>
  </datafield>
  <datafield tag="655" ind1=" " ind2="7">
   <subfield code="a">Bildband</subfield>
   <subfield code="0">(DE-588)4145395-5</subfield>
   <subfield code="0">(DE-627)104450835</subfield>
   <subfield code="0">(DE-576)209741139</subfield>
   <subfield code="2">gnd-content</subfield>
  </datafield>
  <datafield tag="689" ind1="0" ind2="0">
   <subfield code="d">u</subfield>
   <subfield code="0">(DE-588)4135049-2</subfield>
   <subfield code="0">(DE-627)104589094</subfield>
   <subfield code="0">(DE-576)209657456</subfield>
   <subfield code="a">Manessische Handschrift</subfield>
   <subfield code="2">gnd</subfield>
  </datafield>
  <datafield tag="689" ind1="0" ind2="1">
   <subfield code="d">s</subfield>
   <subfield code="0">(DE-588)4008650-1</subfield>
   <subfield code="0">(DE-627)104318244</subfield>
   <subfield code="0">(DE-576)208877517</subfield>
   <subfield code="a">Buchmalerei</subfield>
   <subfield code="2">gnd</subfield>
  </datafield>
  <datafield tag="689" ind1="0" ind2=" ">
   <subfield code="5">DE-101</subfield>
  </datafield>
  <datafield tag="689" ind1="1" ind2="0">
   <subfield code="d">u</subfield>
   <subfield code="0">(DE-588)4135049-2</subfield>
   <subfield code="0">(DE-627)104589094</subfield>
   <subfield code="0">(DE-576)209657456</subfield>
   <subfield code="a">Manessische Handschrift</subfield>
   <subfield code="2">gnd</subfield>
  </datafield>
  <datafield tag="689" ind1="1" ind2="1">
   <subfield code="d">s</subfield>
   <subfield code="0">(DE-588)4008650-1</subfield>
   <subfield code="0">(DE-627)104318244</subfield>
   <subfield code="0">(DE-576)208877517</subfield>
   <subfield code="a">Buchmalerei</subfield>
   <subfield code="2">gnd</subfield>
  </datafield>
  <datafield tag="689" ind1="1" ind2=" ">
   <subfield code="5">(DE-627)</subfield>
  </datafield>
  <datafield tag="700" ind1="1" ind2=" ">
   <subfield code="a">Walther, Ingo F.</subfield>
   <subfield code="d">1940-2007</subfield>
   <subfield code="e">Hrsg.</subfield>
   <subfield code="0">(DE-588)120595443</subfield>
   <subfield code="0">(DE-627)080768806</subfield>
   <subfield code="0">(DE-576)163473102</subfield>
   <subfield code="4">edt</subfield>
  </datafield>
  <datafield tag="700" ind1="1" ind2=" ">
   <subfield code="a">Siebert, Gisela</subfield>
   <subfield code="4">oth</subfield>
  </datafield>
  <datafield tag="730" ind1="4" ind2="2">
   <subfield code="a">Die Heidelberger Liederhandschrift</subfield>
  </datafield>
  <datafield tag="935" ind1=" " ind2=" ">
   <subfield code="i">Blocktest</subfield>
  </datafield>
  <datafield tag="936" ind1="r" ind2="v">
   <subfield code="a">LH 72130</subfield>
   <subfield code="b">gotisch</subfield>
   <subfield code="k">Kunstgeschichte</subfield>
   <subfield code="k">Allgemeines. Allgemeine Kunstgeschichte</subfield>
   <subfield code="k">Kunstgeschichte einzelner Gattungen der Kunst</subfield>
   <subfield code="k">Buchmalerei</subfield>
   <subfield code="k">Ordnung nach Epochen</subfield>
   <subfield code="k">gotisch</subfield>
   <subfield code="0">(DE-627)1270920952</subfield>
   <subfield code="0">(DE-625)rvk/94914:</subfield>
   <subfield code="0">(DE-576)200920952</subfield>
  </datafield>
  <datafield tag="936" ind1="r" ind2="v">
   <subfield code="a">GF 2770</subfield>
   <subfield code="b">Textsammlungen (mittelhochdeutsch)</subfield>
   <subfield code="k">Germanistik. Niederlandistik. Skandinavistik</subfield>
   <subfield code="k">Deutsche Literatur</subfield>
   <subfield code="k">Mittelhochdeutsche Klassik</subfield>
   <subfield code="k">Literaturgeschichte und Textsammlungen</subfield>
   <subfield code="k">Lyrik</subfield>
   <subfield code="k">Textsammlungen (mittelhochdeutsch)</subfield>
   <subfield code="0">(DE-627)1270869280</subfield>
   <subfield code="0">(DE-625)rvk/39567:</subfield>
   <subfield code="0">(DE-576)200869280</subfield>
  </datafield>
  <datafield tag="936" ind1="r" ind2="v">
   <subfield code="a">AM 53800</subfield>
   <subfield code="b">Einzelne illuminierte Handschriften (CSN der Aufbewahrungsorte)</subfield>
   <subfield code="k">Allgemeines</subfield>
   <subfield code="k">Schrift und Handschriftenkunde. Schriftarten und Schreiben</subfield>
   <subfield code="k">Handschriftenkunde</subfield>
   <subfield code="k">Buchmalerei</subfield>
   <subfield code="k">Einzelne illuminierte Handschriften (CSN der Aufbewahrungsorte)</subfield>
   <subfield code="0">(DE-627)127066638X</subfield>
   <subfield code="0">(DE-625)rvk/4360:</subfield>
   <subfield code="0">(DE-576)20066638X</subfield>
  </datafield>
  <datafield tag="936" ind1="r" ind2="v">
   <subfield code="a">LK 86605</subfield>
   <subfield code="b">gotisch</subfield>
   <subfield code="k">Kunstgeschichte</subfield>
   <subfield code="k">Kunst nach Ländern bzw. Kontinenten</subfield>
   <subfield code="k">Deutschland</subfield>
   <subfield code="k">Deutsche Kunstgeschichte nach Gattungen</subfield>
   <subfield code="k">Buchmalerei</subfield>
   <subfield code="k">Geschichte der deutschen Buchmalerei nach Ländern und Landschaften</subfield>
   <subfield code="k">Landschaften</subfield>
   <subfield code="k">Alemannien</subfield>
   <subfield code="k">gotisch</subfield>
   <subfield code="0">(DE-627)1272116484</subfield>
   <subfield code="0">(DE-625)rvk/98652:166</subfield>
   <subfield code="0">(DE-576)202116484</subfield>
  </datafield>
  <datafield tag="936" ind1="r" ind2="v">
   <subfield code="a">GF 2635</subfield>
   <subfield code="b">Minnesang</subfield>
   <subfield code="k">Germanistik. Niederlandistik. Skandinavistik</subfield>
   <subfield code="k">Deutsche Literatur</subfield>
   <subfield code="k">Mittelhochdeutsche Klassik</subfield>
   <subfield code="k">Literaturgeschichte und Textsammlungen</subfield>
   <subfield code="k">Lyrik</subfield>
   <subfield code="k">Minnesang</subfield>
   <subfield code="0">(DE-627)1270820893</subfield>
   <subfield code="0">(DE-625)rvk/39563:</subfield>
   <subfield code="0">(DE-576)200820893</subfield>
  </datafield>
  <datafield tag="936" ind1="r" ind2="v">
   <subfield code="a">GE 8404</subfield>
   <subfield code="b">Allgemeines</subfield>
   <subfield code="k">Germanistik. Niederlandistik. Skandinavistik</subfield>
   <subfield code="k">Deutsche Literatur</subfield>
   <subfield code="k">Deutsche Literatur des Mittelalters</subfield>
   <subfield code="k">Literaturgeschichte</subfield>
   <subfield code="k">Geschichte der literarischen Gattungen</subfield>
   <subfield code="k">Lyrik</subfield>
   <subfield code="k">Allgemeines</subfield>
   <subfield code="0">(DE-627)1270860739</subfield>
   <subfield code="0">(DE-625)rvk/39321:</subfield>
   <subfield code="0">(DE-576)200860739</subfield>
  </datafield>
  <datafield tag="951" ind1=" " ind2=" ">
   <subfield code="a">BO</subfield>
  </datafield>
  <datafield tag="990" ind1=" " ind2=" ">
   <subfield code="a">Manessische Handschrift</subfield>
  </datafield>
  <datafield tag="990" ind1=" " ind2=" ">
   <subfield code="a">Buchmalerei</subfield>
  </datafield>
  <datafield tag="990" ind1=" " ind2=" ">
   <subfield code="a">Manessische Handschrift</subfield>
  </datafield>
  <datafield tag="990" ind1=" " ind2=" ">
   <subfield code="a">Buchmalerei</subfield>
  </datafield>
  <datafield tag="999" ind1=" " ind2=" ">
   <subfield code="a">KXP-PPN117918539</subfield>
   <subfield code="e">3161273699</subfield>
  </datafield>
 </record>
</collection>
